El liderazgo de fusión : un modelo para provocar el cambio personal y organizativo /

Guardado en:
Bibliografiske detaljer
Hovedforfatter: Daft, Richard L. (autor)
Format: Bog
Sprog:spansk
Udgivet: Madrid, España : Centro de Estudios Ramón Areces, 2001, c2001
Serier:(Club de Gestión)
Fag:
Tags: Tilføj Tag
Ingen Tags, Vær først til at tagge denne postø!

MARC

LEADER 00000nam^a2200000^a^4500
001 000143260
005 20250521000000.0
009 20260310095717.817
020 |a 84-8004-490-X 
037 |a Acervo ITESO - Biblioteca 
041 |a ESP 
082 |a 658. 4092  |b DAF 
100 |a Daft, Richard L.  |e (autor) 
245 1 3 |a El liderazgo de fusión :  |b un modelo para provocar el cambio personal y organizativo /  |c R.L. Daft, R.H. Lengel ; tr. por Carmen E. León Pérez. 
264 4 |a Madrid, España :  |b Centro de Estudios Ramón Areces,  |c 2001, c2001 
300 |a 237 p. 
336 |a texto  |b txt  |2 rdacontenido 
337 |a sin mediación  |b n  |2 rdamedio 
338 |a volumen  |b nc  |2 rdasoporte 
440 1 |a (Club de Gestión) 
500 |a Traducción de: Fusion Leadership 
649 |a XX 
650 |a Liderazgo 
650 |a Recursos Humanos 
650 |a Toma de Decisiones 
650 |a Cambio Organizacional 
650 |a Planeación Estratégica 
650 |a Planeación Administrativa 
650 |a Proceso Administrativo -  |x Dirección 
650 |a Empresas -  |x Administración 
650 |a Ciencias Administrativas 
910 |a Fondo General 
920 |a Impresos - Libros 
930 |a Colección General 
905 |a 101 
901 |a 0500217193  |b IT1  |c ACC  |u 20250521 
902 |a https://opac.biblio.iteso.mx/vufind/Record/000143260